Digitálny marketingový audit ako prostriedok na efektívnu navigáciu podniku v modernom prostredí
Globálny rozmach internetu. Digitálny marketing a jeho oblasti: on-line marketing, mobilný marketing, rádio marketing, TV marketing, outdoor marketing. Digitálny marketingový audit. Jedenásť základných oblastí v digitálnom marketingovom audite, ktoré sú potrebné na tvorbu digitálnej marketingovej st...
Salvato in:
| Autore principale: | |
|---|---|
| Natura: | Capitolo di libro |
| Lingua: | slovacco |
| Soggetti: | |
| Tags: |
Nessun Tag, puoi essere il primo ad aggiungerne!!
|
MARC
| LEADER | 00000naa$a2200000$$$4500 | ||
|---|---|---|---|
| 001 | 0149917 | ||
| 005 | 20240502072709.9 | ||
| 041 | 0 | |a slo | |
| 044 | |a SK | ||
| 245 | 1 | 0 | |a Digitálny marketingový audit ako prostriedok na efektívnu navigáciu podniku v modernom prostredí |c Šárka Kličková |
| 520 | |a Globálny rozmach internetu. Digitálny marketing a jeho oblasti: on-line marketing, mobilný marketing, rádio marketing, TV marketing, outdoor marketing. Digitálny marketingový audit. Jedenásť základných oblastí v digitálnom marketingovom audite, ktoré sú potrebné na tvorbu digitálnej marketingovej stratégie. | ||
| 610 | 2 | 0 | |a marketing |
| 610 | 2 | 0 | |a internet |
| 610 | 2 | 0 | |a médiá |
| 610 | 2 | 0 | |a stratégia marketingová |
| 610 | 2 | 0 | |a audit |
| 610 | 2 | 0 | |a reklama |
| 100 | 1 | |a Kličková, Šárka | |